000 00718nam a2200241Ia 4500
003 OSt
005 20220925210400.0
006 a|||||r|||| 00| 0
007 ta
008 220923b |||||||| |||| 00| 0 eng d
037 _cGeneral Book
040 _aRTL
_cRTL
_beng
041 _2eng
_aeng
082 _aX71.211.N87, M7.7/GD
110 _aTAMIL NADU (Govt. of-).
_9272429
245 0 _aBudget
_b Detailed demand for grants 1987-88
260 _aIndia
_bGovt. of Tamilnadu
_c1987
300 _aPages Volume wise
_ccm.
500 _aBudget publication no. 7
700 _aTAMIL NADU (Govt. of-).
_9272430
942 _hX71.211.N87, M7.7/GD
_cGB
_2CC
999 _c554922
_d554922